| 000 | 00380nam a2200157Ia 4500 | ||
|---|---|---|---|
| 008 | 210210b1926 xxu||||| |||| 00| 0 eng d | ||
| 041 | _aeng | ||
| 082 | _a821/844 | ||
| 100 | _aBARRIE (J M) | ||
| 245 | _aAdmirable Crichton | ||
| 260 |
_aLondon _bHodder and Stoughton Limited _c1926 |
||
| 650 | _aCrichton | ||
| 650 | _aAdmirable | ||
| 690 | _aEnglish Drama | ||
| 906 | _a012010 | ||
| 999 |
_c130761 _d130761 |
||